ბათუმის შოთა რუსთაველის სახელმწიფო უნივერსიტეტის ბიბლიოთეკა

თხზულებანი. ტ.1 (ბიბ.ჩანაწერი № 50195)

000 -LEADER
fixed length control field 01088nam a2200229Ia 4500
001 - CONTROL NUMBER
control field 17133
003 - CONTROL NUMBER IDENTIFIER
control field GE_BSU
008 - FIXED-LENGTH DATA ELEMENTS--GENERAL INFORMATION
fixed length control field 181216s||||||||xx |||||||||||||| ||und||
040 ## - CATALOGING SOURCE
Transcribing agency GE_BSU
080 ## - UNIVERSAL DECIMAL CLASSIFICATION NUMBER
Universal Decimal Classification number 37.01
100 ## - MAIN ENTRY--PERSONAL NAME
Personal name გოგებაშვილი, იაკობ (1840-1912)
245 ## - TITLE STATEMENT
Title თხზულებანი. ტ.1
245 ## - TITLE STATEMENT
Statement of responsibility, etc. ტომი შეადგინეს, მოამზადეს დასაბეჭდად და კომენტარები დაურთეს ვ. ქაჯაიამ და ზ. კიკნაძემ ; [დ. ლორთქიფანიძის შესავალი წერილით
260 ## - PUBLICATION, DISTRIBUTION, ETC.
Place of publication, distribution, etc. თბილისი
260 ## - PUBLICATION, DISTRIBUTION, ETC.
Name of publisher, distributor, etc. პედ. მეცნ. სამეცნ.-საკვლ. ინ-ტი
260 ## - PUBLICATION, DISTRIBUTION, ETC.
Date of publication, distribution, etc. 1955
300 ## - PHYSICAL DESCRIPTION
Extent 514 გვ. : 1 ფ. პორტრ.22სმ
520 ## - SUMMARY, ETC.
Summary, etc. ბიბლიოგრ. ტექსტის შენიშვნებში.
653 ## - INDEX TERM--UNCONTROLLED
Uncontrolled term თხზულებანი
653 ## - INDEX TERM--UNCONTROLLED
Uncontrolled term პედაგოგიკა
942 ## - ADDED ENTRY ELEMENTS (KOHA)
Koha item type წიგნი
ეგზემპლარები
Withdrawn status Lost status Damaged status Not for loan Date acquired Barcode Date last seen Price effective from Koha item type
        2018-12-17 21728 2018-12-17 2018-12-17 წიგნი
        2018-12-17 21841 2018-12-17 2018-12-17 წიგნი